| 000 | 00620nam a22001937a 4500 | ||
|---|---|---|---|
| 005 | 20140313100407.0 | ||
| 008 | 131217b xxu||||| |||| 00| 0 eng d | ||
| 020 | _a9781412990936 | ||
| 050 |
_a HF 5549.5.M63 _b.L385 2012 |
||
| 100 | _aLatham, Gary P. | ||
| 245 |
_aWork motivation : _bhistory, theory, research, and practice / _cGary P. Latham. |
||
| 250 | _a2nd ed. | ||
| 260 |
_aThousand Oaks, Calif. : _bSAGE, _c2012. |
||
| 300 |
_axxix, 424 p. : _bill. ; _c23 cm. |
||
| 504 | _aIncludes Bibliographic References and Index. | ||
| 650 | _aEmployee motivation. | ||
| 942 |
_2lcc _cBK _kFOR |
||
| 999 |
_c25863 _d25863 |
||